000 01183nam2a22002531 4500
001 RU\NLR\INFOCOMM33\1000000123
005 20250617143544.0
035 _a(NLR Aleph) 002712506
090 _a1804421
_c1804421
100 _a20040219d1946 |||y0rusy50 ca
101 0 _arus
102 _aRU
105 _ay |||||||||
200 1 _aО единой классификации механизмов
_fИ.Е. Петухов
210 _d1946
_aБ. м.
461 0 _1001RU\NLR\INFOCOMM33\1000000099
_12001#$aТруды Дальневосточного государственного технического университета$fДВГТУ$vВып.27
_91804290
_aДальневосточный технический университет (Владивосток)
_cВладивосток
_d1930-
_fДВГТУ
_nИзд-во ДВГТУ
_tТруды Дальневосточного государственного технического университета
_vВып.27
700 1 _aПетухов
_bИ.Е.
_4070
801 1 _aRU
_bInfoComm
_c20040219
801 0 _aRU
_bNLR
_gPSBO
852 _aNLR
_bТ10
_jВ-8/3
942 _cISSUE
980 _aNB
980 _aRUSPER